000 00406nam a22001577a 4500
005 20170522143950.0
008 170522b xxu||||| |||| 00| 0 eng d
040 _cPK-LaUMT
082 _aZIAC 297.01
_bAHM-A
100 _aAhmad Qadeeri
245 _aAl Islami wasra ul hizarat/
_cAhmad Qadeeri
260 _aقطر:
_bکتاب الامہ،
_c1995
300 _a145 ص
546 _aعربی
942 _cBK
999 _c93878
_d93878